[Event "CZE-chT 0001"]
[Site "Czech Republic"]
[Date "2000.11.18"]
[Round "1"]
[White "Jirovsky, Petr"]
[Black "Bazant, Petr Jr"]
[Result "1-0"]
[WhiteElo "2360"]
[BlackElo "2274"]
[PlyCount "87"]
[EventDate "2000.11.19"]
[EventType "team-tourn"]
[EventRounds "11"]
[EventCountry "CZE"]
[SourceTitle "EXT 2019"]
[Source "ChessBase"]
[SourceDate "2018.10.10"]
[SourceVersion "1"]
[SourceVersionDate "2018.10.10"]
[SourceQuality "1"]
[WhiteTeam "Praha Holdia"]
[BlackTeam "Zlin"]
[WhiteTeamCountry "CZE"]
[BlackTeamCountry "CZE"]

1. e4 e5 2. Nf3 Nc6 3. Bb5 a6 4. Ba4 d6 5. 0-0 Bd7 6. c3 g6 7. d4 Bg7 8. Re1 Nge7 9. d5 Nb8 10. Bxd7+ Nxd7 11. c4 0-0 12. Be3 Nc5 13. Nc3 a5 14. Qc2 h6 15. Nd2 f5 16. f3 b6 17. b3 g5 18. a3 Qd7 19. b4 Nb7 20. c5 bxc5 21. bxc5 Nxc5 22. Bxc5 dxc5 23. Na4 Rf7 24. Nxc5 Qd6 25. Rab1 Ng6 26. Ne6 Qxa3 27. Nc4 Qe7 28. Rb7 fxe4 29. Qxe4 Qf6 30. Rxc7 Rxc7 31. Nxc7 Rc8 32. d6 Rd8 33. Rd1 Nf4 34. g3 Nh5 35. d7 Qf7 36. Qc6 e4 37. fxe4 Qf3 38. Qd5+ Kh8 39. e5 Qg4 40. Ne3 Qe2 41. Qd3 Qxd3 42. Rxd3 Bxe5 43. Ne6 Bf6 44. Ng4 1-0

[Event "Landesliga Nord 9900"]
[Site "Bayern"]
[Date "2000.03.26"]
[Round "8.2"]
[White "Neuman, Petr"]
[Black "Jirovsky, Petr"]
[Result "1-0"]
[WhiteElo "2320"]
[BlackElo "2330"]
[PlyCount "87"]
[EventDate "1999.10.10"]
[EventType "team-tourn"]
[EventRounds "9"]
[EventCountry "GER"]
[SourceTitle "EXT 2020"]
[Source "ChessBase"]
[SourceDate "2019.10.17"]
[SourceVersion "1"]
[SourceVersionDate "2019.10.17"]
[SourceQuality "1"]
[WhiteTeam "Obernburg"]
[BlackTeam "Bamberg SC II"]
[WhiteTeamCountry "GER"]
[BlackTeamCountry "GER"]

1. d4 Nf6 2. Nf3 g6 3. Bg5 Bg7 4. Nbd2 c5 5. e3 b6 6. Bd3 Bb7 7. 0-0 0-0 8. c3 d5 9. Qb1 Nc6 10. b4 cxb4 11. cxb4 Rc8 12. Rc1 Qd6 13. a3 Nd7 14. b5 Ncb8 15. Qb4 Qxb4 16. axb4 e5 17. Rxc8 Bxc8 18. dxe5 Nxe5 19. Nxe5 Bxe5 20. Rxa7 Nd7 21. e4 Bb8 22. Ra1 Ne5 23. Bf1 d4 24. Nc4 Nxc4 25. Bxc4 Kg7 26. Rd1 f6 27. Bc1 Be5 28. Bb2 Rd8 29. Bd5 f5 30. f3 fxe4 31. fxe4 Bd7 32. Bxd4 Bxd4+ 33. Rxd4 Bxb5 34. Kf2 Kf6 35. Ke3 Ke5 36. Rd2 Rc8 37. Kf2 Rc3 38. Bg8 Bd3 39. Bxh7 Bxe4 40. Re2 Rb3 41. Bxg6 Rxb4 42. Bxe4 Rxe4 43. Rxe4+ Kxe4 44. Ke2 1-0

[Event "CZE-chT 9900"]
[Site "Czech Republic"]
[Date "2000.03.19"]
[Round "11"]
[White "Jirovsky, Petr"]
[Black "Fajman, Petr"]
[Result "1/2-1/2"]
[WhiteElo "2381"]
[BlackElo "2282"]
[PlyCount "100"]
[EventDate "1999.10.23"]
[EventType "team-tourn"]
[EventRounds "11"]
[EventCountry "CZE"]
[SourceTitle "EXT 2019"]
[Source "ChessBase"]
[SourceDate "2018.10.10"]
[SourceVersion "1"]
[SourceVersionDate "2018.10.10"]
[SourceQuality "1"]
[WhiteTeam "Praha Holdia"]
[BlackTeam "Praha Dukla"]
[WhiteTeamCountry "CZE"]
[BlackTeamCountry "CZE"]

1. e4 c5 2. Nf3 d6 3. d4 cxd4 4. Nxd4 Nf6 5. Nc3 a6 6. Be3 Ng4 7. Bg5 h6 8. Bh4 g5 9. Bg3 Bg7 10. h3 Nf6 11. Be2 Qb6 12. Nb3 Nc6 13. Qd2 Bd7 14. 0-0 Rc8 15. Kh1 Ne5 16. f4 Nc4 17. Bxc4 Rxc4 18. e5 Ne4 19. Nxe4 Rxe4 20. exd6 g4 21. Rfe1 Rxe1+ 22. Rxe1 gxh3 23. Rxe7+ Kd8 24. gxh3 Rg8 25. Qa5 Bd4 26. Qxb6+ Bxb6 27. Kh2 Bc6 28. Re2 Kd7 29. c4 Bf3 30. Rc2 Be4 31. Rd2 a5 32. f5 h5 33. h4 Rc8 34. Re2 Rxc4 35. Nd2 Rc2 36. Rxe4 Rxd2+ 37. Kh3 Bd8 38. Be5 f6 39. Bd4 Kxd6 40. Bc3 Rd3+ 41. Kg2 Rd5 42. Rf4 b5 43. Kf3 Kc5 44. Ke3 Rd1 45. a3 Rh1 46. Ke2 Rh2+ 47. Kf3 Rh3+ 48. Kf2 Bc7 49. Rf3 Rxf3+ 50. Kxf3 Bd8 1/2-1/2

[Event "CZE-chT 9900"]
[Site "Czech Republic"]
[Date "2000.01.16"]
[Round "7"]
[White "Jirovsky, Petr"]
[Black "Buchnicek, Petr"]
[Result "1/2-1/2"]
[WhiteElo "2381"]
[BlackElo "2407"]
[PlyCount "127"]
[EventDate "1999.10.23"]
[EventType "team-tourn"]
[EventRounds "11"]
[EventCountry "CZE"]
[SourceTitle "EXT 2019"]
[Source "ChessBase"]
[SourceDate "2018.10.10"]
[SourceVersion "1"]
[SourceVersionDate "2018.10.10"]
[SourceQuality "1"]
[WhiteTeam "Praha Holdia"]
[BlackTeam "Grygov A64 Valoz"]
[WhiteTeamCountry "CZE"]
[BlackTeamCountry "CZE"]

1. e4 d5 2. exd5 Nf6 3. d4 Nxd5 4. c4 Nb6 5. Nf3 g6 6. Nc3 Bg7 7. h3 0-0 8. Be2 Nc6 9. Be3 e5 10. dxe5 Nxe5 11. Nxe5 Bxe5 12. Qxd8 Rxd8 13. Rc1 Bf5 14. g4 Bd3 15. Bxd3 Rxd3 16. Ke2 Rd7 17. b3 Re8 18. Kf3 f5 19. gxf5 Rf7 20. Rhd1 Rxf5+ 21. Kg2 Nc8 22. Nb5 a6 23. Nd4 Rf7 24. Nf3 Bg7 25. Rd3 Nd6 26. Rcd1 Nf5 27. Bc5 h6 28. Rd8 Rxd8 29. Rxd8+ Kh7 30. a4 Bf6 31. Rd3 g5 32. Rd5 Kg6 33. Ne5+ Bxe5 34. Rxe5 Nh4+ 35. Kf1 Rd7 36. Ke2 Rd2+ 37. Kxd2 Nf3+ 38. Ke3 Nxe5 39. Ke4 Nd7 40. Be3 c6 41. f4 Nf6+ 42. Ke5 g4 43. f5+ Kf7 44. h4 h5 45. Kf4 Nd7 46. a5 c5 47. Bf2 Kf6 48. Ke4 Ne5 49. Bxc5 Nf3 50. Bb6 Nd2+ 51. Kf4 Nxb3 52. Bd8+ Kf7 53. Bc7 Nd2 54. Kg5 Nxc4 55. Kxh5 g3 56. Bxg3 Nxa5 57. Kg5 Nc4 58. h5 b5 59. Be1 Ne5 60. Bc3 Nd7 61. h6 Nf8 62. Kf4 Nh7 63. Ke3 Ng5 64. Kf4 1/2-1/2

[Event "CZE-chT 9900"]
[Site "Czech Republic"]
[Date "2000.01.15"]
[Round "6"]
[White "Jirovsky, Petr"]
[Black "Chytilek, Roman"]
[Result "0-1"]
[WhiteElo "2381"]
[BlackElo "2344"]
[PlyCount "66"]
[EventDate "1999.10.23"]
[EventType "team-tourn"]
[EventRounds "11"]
[EventCountry "CZE"]
[SourceTitle "EXT 2019"]
[Source "ChessBase"]
[SourceDate "2018.10.10"]
[SourceVersion "1"]
[SourceVersionDate "2018.10.10"]
[SourceQuality "1"]
[WhiteTeam "Praha Holdia"]
[BlackTeam "Zlin"]
[WhiteTeamCountry "CZE"]
[BlackTeamCountry "CZE"]

1. e4 e6 2. d4 d5 3. Nd2 Nf6 4. e5 Nfd7 5. Bd3 c5 6. c3 Nc6 7. Ngf3 Qb6 8. 0-0 g6 9. Re1 Bg7 10. Qa4 0-0 11. Nf1 cxd4 12. cxd4 f6 13. exf6 Nxf6 14. Ng3 Bd7 15. Bb5 Ng4 16. Bxc6 Bxc6 17. Qd1 e5 18. Be3 Nxe3 19. fxe3 e4 20. Ng5 Qxb2 21. Ne2 Rf6 22. h4 Raf8 23. Kh1 Qa3 24. Nf4 Rxf4 25. exf4 Qg3 26. Rf1 Bb5 27. Qe1 Qg4 28. Nh3 Bxf1 29. Qxf1 Bxd4 30. Rd1 Bb6 31. Rxd5 Qe6 32. Qc4 e3 33. Ng5 e2 0-1

[Event "Landesliga Nord 9900"]
[Site "Bayern"]
[Date "2000.01.09"]
[Round "4.2"]
[White "Barthelmann, Klaus"]
[Black "Jirovsky, Petr"]
[Result "1-0"]
[WhiteElo "2230"]
[BlackElo "2290"]
[PlyCount "85"]
[EventDate "1999.10.10"]
[EventType "team-tourn"]
[EventRounds "9"]
[EventCountry "GER"]
[SourceTitle "EXT 2020"]
[Source "ChessBase"]
[SourceDate "2019.10.17"]
[SourceVersion "1"]
[SourceVersionDate "2019.10.17"]
[SourceQuality "1"]
[WhiteTeam "Forchheim II"]
[BlackTeam "Bamberg SC II"]
[WhiteTeamCountry "GER"]
[BlackTeamCountry "GER"]

1. e4 c5 2. Nc3 Nc6 3. Nf3 d6 4. d4 cxd4 5. Nxd4 Nf6 6. Bg5 e6 7. Qd2 Be7 8. 0-0-0 a6 9. f4 Bd7 10. Nf3 h6 11. Bxf6 gxf6 12. g3 b5 13. Bh3 b4 14. Ne2 a5 15. Ned4 Qb6 16. Rhe1 Nxd4 17. Nxd4 a4 18. Kb1 b3 19. cxb3 axb3 20. Nxb3 0-0 21. f5 e5 22. Qxh6 Rfb8 23. Qe3 Qa6 24. Nc1 Bf8 25. Bf1 Qa4 26. g4 d5 27. g5 dxe4 28. Bh3 Ba3 29. Rd2 Kf8 30. gxf6 Bc6 31. Rg1 Bd5 32. Qh6+ Ke8 33. Rg8+ Kd7 34. Rxb8 Rxb8 35. Rxd5+ Kc6 36. Rd2 Bxb2 37. Rxb2 Rxb2+ 38. Kxb2 Qd4+ 39. Kb1 e3 40. Bg2+ e4 41. Qf8 e2 42. Qc8+ Kb6 43. Nxe2 1-0

[Event "CZE-chT 9900"]
[Site "Czech Republic"]
[Date "1999.11.20"]
[Round "3"]
[White "Kupka, Slavoj"]
[Black "Jirovsky, Petr"]
[Result "1/2-1/2"]
[WhiteElo "2326"]
[BlackElo "2351"]
[PlyCount "58"]
[EventDate "1999.10.23"]
[EventType "team-tourn"]
[EventRounds "11"]
[EventCountry "CZE"]
[SourceTitle "EXT 2019"]
[Source "ChessBase"]
[SourceDate "2018.10.10"]
[SourceVersion "1"]
[SourceVersionDate "2018.10.10"]
[SourceQuality "1"]
[WhiteTeam "Trinec"]
[BlackTeam "Praha Holdia"]
[WhiteTeamCountry "CZE"]
[BlackTeamCountry "CZE"]

1. d4 Nf6 2. Nf3 g6 3. c4 Bg7 4. Nc3 d6 5. e4 0-0 6. Be2 e5 7. 0-0 Nc6 8. d5 Ne7 9. Ne1 Nd7 10. f3 f5 11. g4 h5 12. g5 h4 13. Nd3 f4 14. Kh1 b6 15. Bd2 Nc5 16. b4 Nxd3 17. Bxd3 c5 18. bxc5 bxc5 19. Rb1 Rf7 20. Qa4 Bh3 21. Rg1 Bf8 22. Nd1 Nc8 23. Nf2 Nb6 24. Qa6 Bc8 25. Qa3 Rb8 26. Bc3 Rfb7 27. Rb2 Qe8 28. Ng4 Qa4 29. Rb3 Qxa3 1/2-1/2

[Event "CZE-chT 9900"]
[Site "Czech Republic"]
[Date "1999.10.24"]
[Round "2"]
[White "Jirovsky, Petr"]
[Black "Talla, Vladimir"]
[Result "0-1"]
[WhiteElo "2351"]
[BlackElo "2352"]
[PlyCount "134"]
[EventDate "1999.10.23"]
[EventType "team-tourn"]
[EventRounds "11"]
[EventCountry "CZE"]
[SourceTitle "EXT 2019"]
[Source "ChessBase"]
[SourceDate "2018.10.10"]
[SourceVersion "1"]
[SourceVersionDate "2018.10.10"]
[SourceQuality "1"]
[WhiteTeam "Praha Holdia"]
[BlackTeam "Ostrava TJ Nova Hut"]
[WhiteTeamCountry "CZE"]
[BlackTeamCountry "CZE"]

1. e4 e5 2. Nf3 Nc6 3. Bb5 a6 4. Ba4 Nf6 5. 0-0 Be7 6. Re1 b5 7. Bb3 d6 8. c3 0-0 9. h3 Na5 10. Bc2 c5 11. d4 Qc7 12. Nbd2 Nc6 13. d5 Nd8 14. Nf1 Ne8 15. g4 g6 16. Ng3 Ng7 17. Kh2 f6 18. Rg1 Nf7 19. Be3 Kh8 20. Nd2 Bd7 21. Qe2 Rg8 22. a4 Rab8 23. Ra2 Qc8 24. axb5 axb5 25. Ra7 Rb7 26. Rga1 Qc7 27. R7a5 Rgb8 28. c4 b4 29. Nb3 Qc8 30. Qf3 Kg8 31. R5a2 Bd8 32. Qg2 Kh8 33. Qf3 Be7 34. Bd2 Qc7 35. Nc1 Rf8 36. Ba4 Ra7 37. Qb3 Bc8 38. Bc6 Rxa2 39. Qxa2 f5 40. gxf5 gxf5 41. Qa5 Qxa5 42. Rxa5 Bg5 43. Nb3 f4 44. Ne2 Bh4 45. Ra8 Rg8 46. Be1 Ng5 47. Nd2 Bxh3 48. Ra1 Bg4 49. Ng1 f3 50. Ra6 Nh5 51. Ba4 Nf6 52. Bd1 Bc8 53. Ra1 Ng4+ 54. Kh1 Bxf2 55. Bxf3 Bxe1 56. Rxe1 Nf2+ 57. Kh2 Nd3 58. Rb1 Nxf3+ 59. Ngxf3 Bg4 60. b3 Ra8 61. Kg3 h5 62. Nh4 Ra2 63. Ndf3 Nf4 64. Rh1 Kg7 65. Nh2 Ne2+ 66. Kf2 Nc3+ 67. Ke3 Nd1+ 0-1

[Event "Wichern op 5th"]
[Site "Hamburg"]
[Date "1999.10.17"]
[Round "4.9"]
[White "Jirovsky, Petr"]
[Black "Ibragimov, Ildar"]
[Result "1/2-1/2"]
[WhiteElo "2351"]
[BlackElo "2554"]
[PlyCount "49"]
[EventDate "1999.10.15"]
[EventType "swiss"]
[EventRounds "9"]
[EventCountry "GER"]
[SourceTitle "EXT 2001"]
[Source "ChessBase"]
[SourceDate "2000.11.22"]
[SourceVersion "1"]
[SourceVersionDate "2000.11.22"]
[SourceQuality "1"]

1. e4 e5 2. Nf3 Nc6 3. Bb5 a6 4. Ba4 Nf6 5. 0-0 Be7 6. Re1 b5 7. Bb3 d6 8. c3 0-0 9. h3 Na5 10. Bc2 c5 11. d4 Qc7 12. Nbd2 Bd7 13. d5 c4 14. Nf1 Nb7 15. g4 Ne8 16. Ng3 g6 17. Kh2 Ng7 18. Rg1 Kh8 19. Bh6 Rg8 20. Qf1 f6 21. a4 Qc8 22. Nd2 Nd8 23. Be3 Nf7 24. Qe2 Qc7 25. Ra2 1/2-1/2

[Event "Wichern op 5th"]
[Site "Hamburg"]
[Date "1999.10.15"]
[Round "1.56"]
[White "Bahr, Peter"]
[Black "Jirovsky, Petr"]
[Result "0-1"]
[WhiteElo "1946"]
[BlackElo "2351"]
[PlyCount "76"]
[EventDate "1999.10.15"]
[EventType "swiss"]
[EventRounds "9"]
[EventCountry "GER"]
[SourceTitle "EXT 2001"]
[Source "ChessBase"]
[SourceDate "2000.11.22"]
[SourceVersion "1"]
[SourceVersionDate "2000.11.22"]
[SourceQuality "1"]

1. d4 Nf6 2. c4 g6 3. Nc3 Bg7 4. e4 d6 5. Be2 0-0 6. Nf3 e5 7. 0-0 Nc6 8. d5 Ne7 9. b4 Nh5 10. Re1 Nf4 11. Bf1 a5 12. bxa5 Rxa5 13. a4 f5 14. Nd2 Kh8 15. Nb3 Ra8 16. Ra2 fxe4 17. Nxe4 b5 18. Bxf4 exf4 19. Nd4 bxc4 20. Bxc4 Nf5 21. Nc6 Qh4 22. Ra3 Nh6 23. f3 Nf5 24. Qd2 Bd7 25. Bb5 Ne3 26. g3 Qh5 27. gxf4 Nf5 28. Ng3 Qh4 29. Nxf5 Rxf5 30. Re4 Raf8 31. Re7 Bxc6 32. Rxg7 Kxg7 33. dxc6 Rxf4 34. Qe2 R4f5 35. Re3 Qd4 36. Kg2 Rg5+ 37. Kf1 Re8 38. Re7+ Kh6 0-1

[Event "Landesliga Nord 9899"]
[Site "Bayern"]
[Date "1999.04.11"]
[Round "7.1"]
[White "Jirovsky, Petr"]
[Black "Rupprecht, Andreas"]
[Result "1-0"]
[WhiteElo "2275"]
[BlackElo "1970"]
[PlyCount "124"]
[EventDate "1998.10.11"]
[EventType "team-tourn"]
[EventRounds "9"]
[EventCountry "GER"]
[SourceTitle "EXT 2020"]
[Source "ChessBase"]
[SourceDate "2019.10.17"]
[SourceVersion "1"]
[SourceVersionDate "2019.10.17"]
[SourceQuality "1"]
[WhiteTeam "Bamberg SC II"]
[BlackTeam "Neutraubling"]
[WhiteTeamCountry "GER"]
[BlackTeamCountry "GER"]

1. e4 c5 2. Nf3 Nc6 3. Nc3 g6 4. d4 cxd4 5. Nxd4 Bg7 6. Be3 Nf6 7. Be2 0-0 8. 0-0 d5 9. exd5 Nxd5 10. Nxd5 Nxd4 11. Bxd4 Qxd5 12. Bxg7 Qxd1 13. Rfxd1 Kxg7 14. Bf3 Bf5 15. c3 Rab8 16. Rd5 b6 17. Rad1 Rfc8 18. R1d2 b5 19. a3 a5 20. h3 Be6 21. R5d4 Kf6 22. Rf4+ Kg7 23. Rfd4 Kf6 24. Be2 Bc4 25. Bxc4 Rxc4 26. Kf1 Rc7 27. Ke2 Rbb7 28. Kd1 h5 29. Kc2 Rc6 30. Kb3 e6 31. Rd7 Rxd7 32. Rxd7 Rc4 33. Kc2 g5 34. Kd3 g4 35. hxg4 Rxg4 36. g3 h4 37. gxh4 Rxh4 38. b3 a4 39. b4 Rh2 40. Ke2 Rh1 41. Rb7 Ra1 42. Rxb5 Rxa3 43. Kd3 Ra1 44. Ra5 e5 45. Ra6+ Kf5 46. b5 a3 47. Kc4 a2 48. Ra5 Ke4 49. Kb3 Kd3 50. Rxa2 Rb1+ 51. Rb2 Rc1 52. Kb4 Rh1 53. b6 Rh4+ 54. Ka5 Rh8 55. b7 Rb8 56. Kb6 Rxb7+ 57. Kxb7 Kxc3 58. Re2 Kd4 59. Kc6 e4 60. Kd6 f5 61. Ke6 f4 62. Kf5 Kd3 1-0

[Event "CZE-chT 9899"]
[Site "Czech Republic"]
[Date "1999.03.28"]
[Round "11"]
[White "Jirovsky, Petr"]
[Black "Poloch, Petr"]
[Result "1-0"]
[WhiteElo "2362"]
[BlackElo "2343"]
[PlyCount "57"]
[EventDate "1998.10.31"]
[EventType "team-tourn"]
[EventRounds "11"]
[EventCountry "CZE"]
[SourceTitle "EXT 2019"]
[Source "ChessBase"]
[SourceDate "2018.10.10"]
[SourceVersion "1"]
[SourceVersionDate "2018.10.10"]
[SourceQuality "1"]
[WhiteTeam "Praha Mladi"]
[BlackTeam "Ostrava TJ Nova Hut"]
[WhiteTeamCountry "CZE"]
[BlackTeamCountry "CZE"]

1. e4 c5 2. Nf3 e6 3. d4 cxd4 4. Nxd4 Nf6 5. Nc3 d6 6. Be2 a6 7. 0-0 Nbd7 8. f4 b5 9. Bf3 Bb7 10. e5 Bxf3 11. Nxf3 Ng4 12. Qe2 b4 13. Ne4 d5 14. Ng3 Qb6+ 15. Kh1 Bc5 16. h3 h5 17. hxg4 hxg4+ 18. Nh2 0-0-0 19. Qxg4 Rh7 20. Rf3 f5 21. Qg5 Rdh8 22. Ngf1 Bg1 23. Rh3 Bxh2 24. Be3 d4 25. Bd2 Nc5 26. Kxh2 Ne4 27. Qg6 Rxh3+ 28. gxh3 Nf2 29. Qg2 1-0

[Event "CZE-chT 9899"]
[Site "Czech Republic"]
[Date "1999.01.24"]
[Round "5"]
[White "Jirovsky, Petr"]
[Black "Stratil, Ladislav Jr"]
[Result "1/2-1/2"]
[WhiteElo "2362"]
[BlackElo "2360"]
[PlyCount "32"]
[EventDate "1998.10.31"]
[EventType "team-tourn"]
[EventRounds "11"]
[EventCountry "CZE"]
[SourceTitle "EXT 2019"]
[Source "ChessBase"]
[SourceDate "2018.10.10"]
[SourceVersion "1"]
[SourceVersionDate "2018.10.10"]
[SourceQuality "1"]
[WhiteTeam "Praha Mladi"]
[BlackTeam "Praha Dukla"]
[WhiteTeamCountry "CZE"]
[BlackTeamCountry "CZE"]

1. e4 g6 2. d4 Bg7 3. Nf3 c6 4. Nc3 d6 5. Be2 e6 6. Bf4 Ne7 7. Qd2 h6 8. h4 b6 9. 0-0-0 Ba6 10. Kb1 Bxe2 11. Nxe2 d5 12. exd5 cxd5 13. Be5 Bxe5 14. Nxe5 h5 15. f3 Nec6 16. Qf4 Nxe5 1/2-1/2

[Event "Recklinghausen op"]
[Site "Recklinghausen"]
[Date "1999.??.??"]
[Round "6"]
[White "Ciornei, Dragos"]
[Black "Jirovsky, Petr"]
[Result "0-1"]
[WhiteElo "2115"]
[BlackElo "2350"]
[PlyCount "138"]
[EventDate "1999.??.??"]
[EventType "swiss"]
[EventRounds "9"]
[EventCountry "GER"]
[SourceTitle "EXT 2000"]
[Source "ChessBase"]
[SourceDate "1999.11.16"]
[SourceVersion "1"]
[SourceVersionDate "1999.11.16"]
[SourceQuality "1"]

1. e4 c5 2. Nf3 d6 3. d4 cxd4 4. Nxd4 Nf6 5. Nc3 a6 6. f3 e5 7. Nb3 Be6 8. Be3 Nbd7 9. g4 h6 10. Qd2 b5 11. 0-0-0 b4 12. Nd5 Bxd5 13. exd5 Nb6 14. Qxb4 Nfxd5 15. Bxb6 Nxb6 16. Qe4 Be7 17. f4 0-0 18. Bd3 g6 19. fxe5 Re8 20. Qg2 Bg5+ 21. Kb1 Rxe5 22. Nd4 Qe8 23. Nf3 Ra5 24. Nxg5 hxg5 25. h4 Rb8 26. hxg5 Na4 27. Qh3 Rxb2+ 28. Kc1 Qe5 29. Qh7+ Kf8 30. Qh8+ Qxh8 31. Rxh8+ Kg7 32. Ra8 Rxa2 33. Rxa6 Rxa6 34. Bxa6 Ra1+ 35. Kd2 Rxd1+ 36. Kxd1 Nc3+ 37. Kd2 Ne4+ 38. Ke3 Nxg5 39. Kd4 Kf6 40. Kd5 Ke7 41. Be2 Nh7 42. Ke4 Nf6+ 43. Kf4 Nd5+ 44. Kf3 Kf6 45. Bc4 Nb6 46. Bb5 Ke5 47. Be8 Ke6 48. Bb5 d5 49. Kf4 Nc4 50. Ba6 Ne5 51. Bd3 Nc4 52. g5 f5 53. gxf6 Kxf6 54. Be2 g5+ 55. Kg3 Ne5 56. Bf1 d4 57. Bg2 Nc4 58. Be4 Ke5 59. Bg6 Ne3 60. Kf3 g4+ 61. Kg3 Kf6 62. Bd3 Kg5 63. Be2 Nf5+ 64. Kf2 g3+ 65. Kg2 Kf4 66. Bd3 Nh4+ 67. Kg1 Kf3 68. Ba6 g2 69. Bb7+ Kg3 0-1